书目信息 |
| 题名: |
说谎心理学
|
|
| 作者: | 莱斯利 著 ;张蔚 译 | |
| 分册: | ||
| 出版信息: | 北京 中国人民大学出版社 2022.01 |
|
| 页数: | 218页 | |
| 开本: | 24cm | |
| 丛书名: | 心理学普识系列 | |
| 单 册: | ||
| 中图分类: | C912.69 | |
| 科图分类: | ||
| 主题词: | 谎言--huang yan--心理学分析 | |
| 电子资源: | ||
| ISBN: | 978-7-300-30036-8 | |
| 000 | 01412nam 2200337 450 | |
| 001 | CAL 0120217338939 | |
| 005 | 20230217093112.0 | |
| 010 | @a978-7-300-30036-8@b精装@dCNY65.00 | |
| 100 | @a20220104d2022 em y0chiy0120 ea | |
| 101 | 1 | @achi@ceng |
| 102 | @aCN@b110000 | |
| 105 | @ay a 000yy | |
| 106 | @ar | |
| 200 | 1 | @a说谎心理学@Ashuo huang xin li xue@e那些关于人类谎言的有趣思考@f(英) 伊恩·莱斯利著@d= Born liars@ewhy we can't live without deceit@fLan Leslie@g张蔚译@zeng |
| 210 | @a北京@c中国人民大学出版社@d2022.01 | |
| 215 | @a218页@d24cm | |
| 225 | 2 | @a心理学普识系列@Axin li xue pu shi xi lie |
| 306 | @a由Susanna Lea Associates Ltd.通过大苹果公司授权出版 | |
| 314 | @a伊恩·莱斯利, 英国社会热点专栏作家、记者。张蔚, 中国政法大学犯罪心理学博士生, 师从马皑教授。 | |
| 320 | @a有书目 | |
| 330 | @a本书围绕说谎、测谎、防骗、诚信等从心理学、医学、脑科学、哲学、社会学、史学、人类学、经济学等多学科视角深度剖析说谎在人类进化过程中所扮演的重要角色。 | |
| 410 | 0 | @12001 @a心理学普识系列 |
| 500 | 10 | @aBorn liars@mChinese |
| 517 | 1 | @a那些关于人类谎言的有趣思考@Ana xie guan yu ren lei huang yan de you qu si kao |
| 606 | 0 | @a谎言@Ahuang yan@x心理学分析 |
| 690 | @aC912.69@v5 | |
| 701 | 1 | @a莱斯利@Alai si li@g(Leslie, Lan)@4著 |
| 702 | 0 | @a张蔚@Azhang wei@4译 |
| 801 | 0 | @aCN@bBJXHZP@c20230222 |
| 905 | @b1378983-6@dC912.69@e1827@f4 | |
| 998 | @bbm004b-2022.03.30 09:34:50 | |
| 说谎心理学:那些关于人类谎言的有趣思考/(英) 伊恩·莱斯利著= Born liars:why we can't live without deceit/Lan Leslie/张蔚译.-北京:中国人民大学出版社,2022.01 |
| 218页;24cm.-(心理学普识系列) |
| ISBN 978-7-300-30036-8(精装):CNY65.00 |
| 本书围绕说谎、测谎、防骗、诚信等从心理学、医学、脑科学、哲学、社会学、史学、人类学、经济学等多学科视角深度剖析说谎在人类进化过程中所扮演的重要角色。 |
| ● |
| 相关链接 |
|
|
|
|
正题名:说谎心理学
索取号:C912.69/1827
 
预约/预借
| 序号 | 登录号 | 条形码 | 馆藏地/架位号 | 状态 | 备注 |
| 1 | 1378983 | 213789836 | 第一样本阅览室/ [索取号:C912.69/1827] | 在馆 | |
| 2 | 1378984 | 213789845 | 第一借阅区/ [索取号:C912.69/1827] | 在馆 | |
| 3 | 1378985 | 213789854 | 第一借阅区/ [索取号:C912.69/1827] | 在馆 | |
| 4 | 1378986 | 213789863 | 第一借阅区/ [索取号:C912.69/1827] | 在馆 |